00400 2200157 4500001002100000008004100021035002000062245003600082100001400118260003200132300002200164020002200186084001400208082000800222990001200230INLIS000000000002886 IND  a0010-0925000233 aDetik Terakhir CintacNuniek KR aNuniek KR aJakartabRumah Ornayec2013 a230c(13 x 19 cm) a978-602-1588-14-7 a813 NUN c a813 a0755108